[Event "Jakarta Japfa"]
[Site "Jakarta"]
[Date "2014.04.20"]
[Round "2"]
[White "Tiviakov, Sergei"]
[Black "Atalik, Suat"]
[Result "1-0"]
[WhiteElo "2651"]
[BlackElo "2562"]
[Annotator "Atalik,S"]
[PlyCount "175"]
[EventDate "2014.04.20"]
[EventType "tourn"]
[EventRounds "9"]
[EventCountry "INA"]
[EventCategory "8"]
[SourceTitle "CBM 161"]
[Source "ChessBase"]
[SourceDate "2014.07.16"]
[SourceVersion "1"]
[SourceVersionDate "2014.07.16"]
[SourceQuality "1"]

1. e4 e5 2. Bc4 Nf6 3. d3 Nc6 4. Nf3 Bc5 5. c3 {We are back in the Giuoco
Piano.} a6 6. Bb3 d6 7. h3 h6 $5 (7... O-O 8. Bg5 {fits in with White's
strategy.}) (7... Ba7 8. Nbd2 O-O 9. Nf1 d5 10. Qe2 {is another game.}) 8. Nbd2
Qe7 $5 {I simply did not want to castle that day!} 9. Nf1 (9. O-O $2 g5 $1 $40
{is always on the agenda when Black has played ...h6 before he himself castles.
}) 9... Be6 10. Ng3 (10. Bc2 d5) (10. Ne3 Bxb3 11. axb3 Bxe3 12. Bxe3 d5 13. b4
dxe4 14. dxe4 Qe6 $11 (14... Nxe4 $2 15. b5)) 10... d5 11. exd5 Nxd5 (11...
Bxd5 $6 12. Bxd5 (12. Nf5 $2 Bxb3 13. Qxb3 Qd7 $17) 12... Nxd5 13. O-O O-O-O
14. Re1 Bb6 15. d4 $16) 12. Qe2 {This may well be needed at some moment of the
game.} (12. O-O O-O 13. Re1 Rad8 14. Qe2 (14. Nxe5 $2 Nxe5 15. Rxe5 Bxf2+ $1)
14... Bd6 15. Nf5 Qf6 (15... Bxf5 16. Bxd5 Rfe8 $13) 16. Nxd6 cxd6 $36) 12...
Bd6 {The advantage of keeping the bishop on c5.} 13. Nf5 Bxf5 $6 {I am not
happy about this conservative decision to keep the pair of bishops.} (13... Qf6
$142 14. Nxd6+ cxd6 15. O-O O-O 16. Re1 Rfe8 $15) 14. Bxd5 Bd7 (14... Qd7 $5
15. Bxc6 $140 $2 Qxc6 16. Nxe5 Qxg2 17. Nf3+ Kf8 $19) 15. O-O O-O 16. Re1 Qf6
17. b4 $5 {I was expecting the other knight pawn's push but it is a matter of
taste.} (17. g4 Rae8) 17... Rfe8 18. Be3 Rab8 (18... e4 $6 19. dxe4 Qxc3 20. a3
{is quite unnecessary for Black.}) 19. Nd2 Qg6 20. Kh1 $2 {A minor tactical
oversight when we were both coming close to time trouble.} (20. Be4 Bf5 21. a4
$11) 20... Nd4 $1 21. Qd1 Bc6 (21... Qxd3 $2 {does not work!} 22. cxd4 exd4 23.
Bc4 $1 $18 (23. Be4 $2 Rxe4 24. Nxe4 Qxe4 25. Bxd4 Qf4 $19)) 22. Bxc6 (22. Be4
f5 23. cxd4 fxe4 24. Nxe4 (24. Qb3+ Qf7) 24... exd4 25. Bxd4 Kh7 $15) 22...
Nxc6 23. Qg4 $1 $11 {I have to admit that I missed this.} Qe6 {Obviously not
the only move! Later I was not really happy about my rook's place.} (23... Kh7
24. Qxg6+ Kxg6 25. g4 Rbd8 $11) (23... Qxd3 {I was only considering} 24. Ne4 $1
(24. Bxh6 Qh7 25. Bg5 (25. Be3 e4 $5) 25... Qg6 $5) 24... Re6 25. Red1 (25.
Rad1 Qb5) 25... Qc2 26. Rd2 Qa4 27. Bc5 $44) 24. Qxe6 Rxe6 25. a4 Bf8 26. Nb3
Rd6 (26... Rd8 $142 27. b5 axb5 28. axb5 Ne7 29. d4 Nf5) 27. b5 (27. Red1 Rd5)
27... axb5 $6 {I should have better kept the tension in the centre.} (27... Ne7
$142 28. d4 exd4 29. Bxd4 Rd5 30. c4 Rd7) 28. axb5 Ne7 29. d4 Nf5 $6 {An
unncessary pawn sac.} (29... exd4 30. Bxd4 Rd5 31. c4 Rd7 32. Be5 Ng6 33. Bg3
$13) 30. dxe5 Rd5 31. b6 cxb6 {This is forced} ({since} 31... c5 $2 32. Bf4 g5
33. Bh2 Rbd8 34. Na5 $18) 32. Bxb6 Rb5 33. Nd4 (33. Ba7 Re8 34. Nd4 Rbxe5 35.
Rxe5 Rxe5 36. f4 Rd5 $11) 33... Rxb6 34. Nxf5 Rc6 35. Re3 Rbc8 36. Rb1 g6 37.
Ng3 $2 $138 (37. Nd6 $142 $1 Bxd6 38. exd6 Rxd6 39. Rxb7 Rdc6 40. Rf3 R8c7 41.
Rxc7 Rxc7 42. g4 Rc5 43. Kg2 h5 $14 {is not enough to win the game but at
least Black does not equalise right away.}) (37. Nh4 Rc4 38. g3 (38. Nf3 Rxc3
39. Rxc3 Rxc3 40. Rxb7 Rc2) 38... Rxc3 39. Rxc3 Rxc3 40. Rxb7 g5 41. Nf5 Rf3
42. Nd4 Rxf2 43. Rb8 Rd2 44. Nf5 h5 $11) 37... Rxc3 38. Rxc3 Rxc3 39. Rxb7 ({
There is no real squeeze after} 39. Ne4 Rc7 40. Nf6+ Kh8 41. Ra1 b5) 39... Bg7
$5 (39... Rc1+ 40. Kh2 Re1 41. f4 (41. Rb5 Bg7) 41... Bc5 42. h4 Bg1+ 43. Kh3
Re3 44. Kg4 h5+ (44... Bf2 45. Nf1 h5+ 46. Kg5 Re1 47. Kh6 Bc5 48. Ng3 Rg1 $11)
45. Nxh5 gxh5+ 46. Kxh5 Rg3 47. Rb8+ Kh7 48. Rb7 $11) 40. Rb8+ Kh7 41. e6 {
A good practical decision which should not change the normal outcome of this
ending.} (41. Rb7 Kg8 42. Rb5 Rc1+ 43. Kh2 Re1 44. f4 g5 45. e6 gxf4 46. exf7+
Kxf7 47. Rf5+ Kg6 48. Rxf4 Be5 $11) 41... fxe6 42. Rb1 Ra3 (42... g5 $5 43. Re1
Rc2 44. Ne4 Bd4 45. f3 Kg6 $11) 43. Rb7 Ra1+ 44. Kh2 Re1 45. h4 h5 $4 {I
started to hallucinate around here.} (45... Kg8 46. h5 g5 47. Kh3 Be5 $11) 46.
f3 Kh6 $4 {Calculating the lines, I was mistakenly thinking that my rook is on
the second file.} (46... Kg8 47. Ne4 Be5+ 48. g3 Re2+ 49. Kh3 Bd4 50. Re7 e5
$11) 47. Ne4 $16 Be5+ 48. g3 Re2+ 49. Kh3 Bg7 (49... g5 50. Nxg5 (50. hxg5+ Kg6
51. Re7 Kf5 52. g6 $16) 50... Bf6 51. Ne4 Kg6 $16) 50. Ng5 e5 $2 {This loses a
piece which I saw but I was not so sure if it led to a defeat.} (50... Rb2 51.
Re7 Rb6 52. f4 Ra6 53. Kg2 Ra2+ 54. Kf3 Ra3+) 51. Rd7 $4 (51. Ne6 $1 e4 52.
fxe4 Bf6 (52... Rxe4 $2 53. Nxg7 Re2 54. Ra7 $18) 53. Rf7 Bxh4 54. gxh4 Re3+
55. Kg2 Rxe4 56. Rh7+ $1 {would have won the piece and the game.} (56. Nf4 $18)
) 51... Rf2 52. Nf7+ Kh7 53. Nxe5 Re2 $16 {After this Black is just worse.} 54.
f4 Ra2 55. Nf3 Ra6 56. Ng5+ Kg8 57. Rd8+ Bf8 58. Nf3 Kg7 59. Rd7+ Kg8 60. Ne5
Bg7 61. Rd8+ Kh7 62. Nf7 Bf6 63. Rd7 Kg8 64. Nd6 Ra2 65. Ne8 Ba1 66. Nc7 Ra7
67. Rd8+ Kf7 68. Nb5 Bf6 69. Rd2 (69. Nxa7 Bxd8 $14 {should be a draw in this
type of pawn structure.}) 69... Re7 (69... Ra5 70. Rd7+ Ke6 71. Rb7 Ra2 72.
Rb6+ Ke7 73. Nc7 Rd2 74. Ne6 Rb2 75. Ra6 $14) 70. Kg2 Ke6 71. Rd6+ Kf7 $6 (
71... Kf5 72. Kf3 {There was no particular danger after this.} Rb7 73. Rd5+ Ke6
74. Ke4 Ba1 75. Rc5 Bb2 76. Rc6+ Kd7 77. Rd6+ Ke7 78. Rd5 Kf6 $14) 72. Kf3 Re1
73. Nc7 Ra1 74. Rd7+ Kg8 75. Nd5 Ra3+ 76. Kg2 Ra2+ 77. Kh3 Ra6 78. Rb7 ({
Too early for} 78. f5 $6 gxf5 79. Nf4 Be5 80. Nxh5 Ra5 $11) 78... Rd6 79. Rb5 (
79. Rd7 Re6) 79... Kf7 80. f5 Be5 $2 {The final mistake which costs half a
point.} (80... g5 81. Rb7+ Kf8 82. Nxf6 Rxf6 83. hxg5 Rxf5 84. Kh4 Ra5 85. Kxh5
Ra6 86. g6 Ra1 $11) 81. Ne3 $1 $18 Bd4 82. Ng2 $18 {Now a second pawn falls.}
Rc6 (82... gxf5 83. Rxf5+ Kg6 84. Rg5+ Kh6 85. Nf4 $18) 83. Nf4 gxf5 84. Rxf5+
Kg7 85. Nxh5+ Kh6 86. Nf4 Rc3 $2 87. Ne2 Rc4 88. Rf4 1-0

[Event "Kuala Lumpur op"]
[Site "Kuala Lumpur"]
[Date "2014.04.09"]
[Round "7"]
[White "Ramnath, Bhuvanesh R"]
[Black "Atalik, Suat"]
[Result "1/2-1/2"]
[WhiteElo "2408"]
[BlackElo "2562"]
[Annotator "Atalik,S"]
[PlyCount "69"]
[EventDate "2014.04.04"]
[EventType "swiss"]
[EventRounds "9"]
[EventCountry "MAS"]
[SourceTitle "CBM 161"]
[Source "ChessBase"]
[SourceDate "2014.07.16"]
[SourceVersion "1"]
[SourceVersionDate "2014.07.16"]
[SourceQuality "1"]

1. e4 e5 2. Nf3 Nc6 3. Bc4 Bc5 4. O-O $5 {An invitation to the Max Lange
Attack.} d6 5. c3 Nf6 6. d3 (6. d4 Bb6 7. Qd3 h6 $13) 6... a6 7. Bb3 O-O 8. h3
(8. Bg5 $5 {looks like the critical move.}) 8... h6 9. Re1 (9. Be3 $5 Bxe3 10.
fxe3 g6 (10... Na5 11. Bc2 c5 12. Nbd2 b5 $13) 11. Nbd2 Kg7 12. Qe1 Qe7 13. d4
Bd7 14. Bc2 Rae8 $13) 9... Re8 10. Nbd2 Be6 11. Bxe6 Rxe6 12. Nb3 $5 $146 {
Bhuvanesh plays the opening in an interesting way.} Ba7 13. Nh4 $5 d5 14. Qe2 (
14. Qf3 $2 Nxe4) 14... Ne7 15. c4 c6 (15... dxe4 16. dxe4 Qd7 $11) 16. Bd2 (16.
Be3 Bxe3 17. Qxe3 b6 $11) 16... b5 17. cxd5 cxd5 18. Rac1 Rc8 19. Qf3 (19. Rxc8
Nxc8) 19... Bb6 (19... Rxc1 20. Rxc1 Qa8 21. Re1 $11) 20. Rxc8 Qxc8 21. Rc1 Rc6
(21... Qb7 22. Re1) 22. Rxc6 ({After} 22. Qg3 Rxc1+ 23. Bxc1 {However} Qc2 $1
$19 ({I calculated} 23... Qe6 24. Bxh6 Nh5 25. Qg5 Qxh6 26. Qxe7 dxe4 27. dxe4
(27. Qxe5 exd3 $13) 27... Qf4 (27... Nf4 28. Nf5 Qg6 29. g3 Nxh3+ 30. Kf1 Nxf2
31. Qe8+ Kh7 32. Ne7 Qxe4 33. Qg8+ Kh6 34. Qh8+ Qh7 35. Nf5+ Kg6 36. Nh4+ $11)
28. Nf3 Ng3 $11 (28... Nf6 29. Qb7 $18)) 24. Bxh6 $140 Nh5 {decides the game
at once.}) 22... Qxc6 23. exd5 Nfxd5 24. Qe4 $2 (24. Nf5 Nxf5 25. Qxf5 f6 26.
Qe4 $15) 24... Qc2 25. Qxe5 Bc7 $1 (25... Qxd3 26. Nf3 Qb1+ 27. Nc1 $15) 26.
Qe1 $6 {Here my opponent had 1 minute to make the control besides a really bad
position.} ({Even after} 26. Qe4 $142 Bd6 27. g3 Qxb2 $17 {Black enjoys a big
edge.}) 26... Qxb2 27. Nc1 a5 (27... Bd6 $142 28. g3 Nb4 29. Bc3 Qb1 $19) 28.
Nf3 a4 29. Qe4 b4 $2 {My first mistake. I really could not understand what
happened with me I was really trying to calculate hard but I had very fluish
vision maybe due to my bad tooth infection.} (29... Bd6 $19) 30. Qc4 Bd6 $2 (
30... Bb6 $2 31. Qb5) (30... Be5 31. Nxe5 Qxd2 32. d4 b3 33. axb3 a3 $19 {
should decide sooner or later.}) 31. Qb5 Qc2 (31... b3 $2 32. Qxa4) 32. Qe8+ $2
(32. g3 Qc6 33. Nd4 $132) 32... Kh7 33. g3 b3 $4 {I completely overlooked that
my queen will be caught in a pin by his after I have lost the passer!} (33...
f6 $1 {wins immediately which I had even calculated.} 34. Qb5 (34. Bxh6 gxh6 (
34... Kxh6 $2 35. Qh8+ Kg6 36. Qe8+ $11) 35. Qf7+ Kh8 36. Qf8+ Ng8 37. Qxd6
Qxc1+ $19) 34... Be5 $19) (33... Kg6 34. Qd7 Qc6) 34. Qxa4 (34. axb3 axb3 35.
Qa4 $1 {Even now the same idea is valid.} (35. Nxb3 $2 Qd1+ 36. Ne1 Qxb3 37.
Qxf7 Qd1 38. Ba5 Qe2 39. Qf3 Qxf3 40. Nxf3 Nc6 41. Bd2 $17) (35. Qxf7 $2 Qd1+
36. Kg2 b2 $19)) 34... Bxg3 $6 (34... bxa2 35. Qxc2 a1=Q $14 {was the best
under the circumstances.}) 35. Qxb3 {He offered a draw which I really had to
accept.} (35. fxg3 Qc7 36. Ne2 Qb6+ 37. d4 b2 38. Qc2+ Kg8 39. Qb1 Nf5 40. g4
Qb5 41. Kf2 Nd6 $44) (35. Qxb3 Qc7 36. Qc4 Qb8 37. a4 $16 {was a simply
winning position.} (37. Qb3 Qd6)) 1/2-1/2

[Event "Kuala Lumpur op"]
[Site "Kuala Lumpur"]
[Date "2014.04.07"]
[Round "5"]
[White "Aravindh, Chithambaram VR"]
[Black "Atalik, Suat"]
[Result "1/2-1/2"]
[WhiteElo "2417"]
[BlackElo "2562"]
[Annotator "Atalik,S"]
[PlyCount "114"]
[EventDate "2014.04.04"]
[EventType "swiss"]
[EventRounds "9"]
[EventCountry "MAS"]
[SourceTitle "CBM 161"]
[Source "ChessBase"]
[SourceDate "2014.07.16"]
[SourceVersion "1"]
[SourceVersionDate "2014.07.16"]
[SourceQuality "1"]

1. e4 e5 2. Nf3 Nc6 3. Bc4 Bc5 4. c3 Nf6 5. d3 a6 6. O-O d6 7. Bb3 (7. d4 Ba7
8. dxe5 Nxe5 9. Nxe5 dxe5 10. Qxd8+ Kxd8 $11) 7... Ba7 {Later I have also
studied lines in which Black keeps his bishop on c5 and aims for the d5, Bf8
manoeuvre.} 8. Re1 (8. Nbd2 h6 9. Re1 O-O {transposes to the game.}) 8... h6 (
8... Ng4 $2 9. Re2 (9. d4 $4 exd4 10. cxd4 Nxd4 11. Nxd4 Qh4 12. Be3 Qxh2+ 13.
Kf1 Qh1+ 14. Ke2 Qxg2 15. Rg1 Nxe3 16. Kxe3 Bxd4+ 17. Kxd4 Qxf2+ 18. Kd3 d5 $1
$40) 9... O-O 10. h3 Nh6 11. Bg5 $16) 9. Nbd2 O-O 10. Nf1 Re8 11. Ng3 Be6 12.
Bxe6 $5 {An inspired decision by my young opponent.} (12. Bc2 d5 13. exd5 (13.
Qe2 d4 $5) 13... Bxd5 $11) (12. h3 Bxb3 (12... d5 $5) 13. Qxb3 Qd7 $11 (13...
Rb8 $11)) 12... Rxe6 13. d4 d5 $1 ({There is nothing wrong with} 13... Re8) 14.
Nxe5 (14. c4 $6 Nxe4 (14... dxe4 15. d5 Re8) 15. Nxe4 dxe4 16. d5 Re8 $17)
14... Nxe5 15. dxe5 Nxe4 $1 (15... Rxe5 16. Bf4 Re6 17. e5 Nh7 $14) 16. Nxe4
dxe4 17. Bf4 {An important position for the appreciation of this line.} Qxd1 (
17... Qd3 18. Qa4 Qb5 {which I had been pondering about during the game was
chosen in Radjabov-Karjakin,Shamkir 2014.}) (17... g5 $6 18. Qg4 $1) (17... Qe8
$5 18. Qg4 e3 19. fxe3 c6 $11 {may well be the most exact path to equality.})
18. Raxd1 g5 19. Bg3 $1 $146 (19. Be3 $2 Bxe3 20. Rxe3 Rxe5 $15 {
Kudrin-Vescovi,Cali 2007.}) 19... h5 (19... Rae8 20. Kf1) 20. h4 (20. h3 $2 h4
21. Bh2 f5 22. exf6 Rxf6 23. Re2 Raf8 24. Rdd2 e3 25. Rc2 Rd8 26. Kf1 Rd1+ 27.
Re1 Rd2 $19) 20... gxh4 21. Bf4 (21. Bxh4 Rxe5 22. Rd7 Rc8 23. Bg3 e3 24. Rxe3
Rxe3 25. fxe3 Bxe3+ 26. Kf1 Kf8 $11) 21... f5 22. exf6 Rxf6 23. Be3 (23. Rxe4
Raf8 24. Be3 Bxe3 25. fxe3 h3 26. gxh3 Rg6+ 27. Kh1 (27. Kh2 Rf2+) 27... Rf3
28. Rd8+ Kg7 29. Re7+ Kh6 30. Rh8+ Kg5 31. Kg2 Rf5 32. Kh2 h4 $11) 23... Bxe3
24. Rxe3 Raf8 25. Rd2 Rf4 26. Rde2 Rd8 $1 ({The pawn ending is lost:} 26... Re8
$2 27. f3 Kf7 28. Rxe4 Rexe4 29. Rxe4 Rxe4 30. fxe4 Kf6 31. Kf2 Kg5 32. Kf3 $1
$18 (32. Ke3 Kg4 33. e5 Kf5 34. Kd4 c6 $18)) 27. Rxe4 Rxe4 28. Rxe4 Rd2 $5 ({
The following line may well be better than I thought:} 28... Rd1+ 29. Kh2 Rd2
30. f3 Rxb2 31. a4 (31. Rxh4 Rxa2 (31... Rb5 32. Rb4) 32. Rxh5 a5 33. Rc5 c6
34. Kg3 a4) 31... Ra2) 29. Rxh4 (29. b4 $5 Rxa2 30. Re7 c6 31. Rxb7 Rc2 32. Rb6
Rxc3 33. Rxa6 Kf7 34. Kh2 Rc2 $1 35. f3 Rc4 36. Ra5 Kg6 37. Rc5 Rxb4 38. Kh3
Rb1 39. Kxh4 Rh1+ 40. Kg3 h4+ 41. Kf2 Ra1 42. Rxc6+ Kg5 43. Rc5+ Kg6 44. Rc8
Ra2+ 45. Ke3 Kf5 46. Rg8 Rb2 $11) 29... Rxb2 30. Rxh5 (30. Rb4 Rc2 (30... Rxb4
31. cxb4 Kf7 $11) 31. Rxb7 Rxc3 $11) 30... Rxa2 31. Rd5 (31. Rc5 c6 32. g4 a5
33. Kg2 a4 34. Kg3 (34. Ra5 b5) 34... Rc2 $1 35. f4 a3 36. f5 a2 37. Ra5 Rxc3+
38. Kf4 Rc2 39. g5 Kf7 40. Ra7 Rb2 41. Ke5 Rb5+ $11 {should bring a dynamic
equality.}) 31... a5 32. Rd7 a4 $5 (32... Rb2 33. Rxc7 Rb6 34. Rc4 Ra6 35. Ra4
b5 36. Ra1 Kf7 37. Kf1 Ke6 38. Ke2 Kd5 39. Kd3 a4 40. Kc2 Re6 $11) 33. Rxc7 a3
34. g4 $2 {My opponent has exaggerated his chances in this equalish endgame
and made a terrible mistake.} (34. Rxb7 Rb2 35. Ra7 a2 36. Kh2 $8 Rxf2 $11)
34... Rc2 35. Kg2 a2 $2 {I have paid the compliment back!} (35... b5 $142 36.
Rb7 (36. Ra7 Rxc3 37. f4 b4 38. f5) 36... Rc1 $1 (36... a2 37. Ra7) 37. Rb8+
Kf7 38. Rb7+ Kf8 39. Rb8+ Ke7 40. Rb7+ Kd6 41. Rb6+ Kc5 42. Ra6 Rxc3 43. g5 b4
44. g6 Kb5 45. g7 Rc8 $19) 36. Rc8+ Kf7 37. Ra8 Kf6 38. Ra5 b5 (38... b6 39.
Ra6 Ke5 40. c4 Rxc4 41. Rxa2 Rxg4+ $11) 39. Ra6+ Ke5 $1 (39... Kg5 $2 40. Kg3
Rxc3+ 41. f3 $18) 40. g5 Kf5 41. g6 Rxc3 42. g7 Rc8 43. Rxa2 Rg8 44. Ra7 Kf6
45. Kf3 Rxg7 46. Ra6+ Kg5 47. Rb6 Rf7+ 48. Ke3 (48. Kg3 Rf5 49. f4+ Rxf4 50.
Rxb5+ Rf5 $11) 48... Rf5 49. Rb8 Re5+ 50. Kf3 (50. Kd4 Kf4) 50... Rc5 51. Ke4
Rc4+ 52. Ke5 Rc5+ 53. Kd6 Rf5 54. Kc6 Kf4 55. Rxb5 Rxb5 56. Kxb5 Kf3 57. Kc4
Kxf2 1/2-1/2

[Event "Belgrade Trophy 26th"]
[Site "Belgrade"]
[Date "2012.12.01"]
[Round "8"]
[White "Nabaty, Tamir"]
[Black "Atalik, Suat"]
[Result "1/2-1/2"]
[WhiteElo "2569"]
[BlackElo "2595"]
[Annotator "Atalik,S"]
[PlyCount "106"]
[EventDate "2012.11.24"]
[EventType "swiss"]
[EventRounds "9"]
[EventCountry "SRB"]
[SourceTitle "CBM 152"]
[Source "ChessBase"]
[SourceDate "2013.01.15"]
[SourceVersion "1"]
[SourceVersionDate "2013.01.15"]
[SourceQuality "1"]

1. e4 e5 2. Nf3 Nc6 3. Bc4 Bc5 4. c3 Nf6 5. b4 $5 {An idea of Ljubojevic if I
am not mistaken.} Be7 $5 (5... Bb6 6. d3 d6 7. a4 a6 (7... a5 8. b5 Ne7 9. O-O
O-O 10. Nbd2 Ng6 11. Bb3 c6 12. Nc4 Bc7 13. Ba3 Re8 14. Ne3 d5 15. Qc2 $14) 8.
O-O O-O 9. Nbd2 Ne7 10. Bb3 Ng6 11. Nc4 Ba7 12. Be3 Be6 13. Bxa7 Rxa7 14. Ne3
Ra8 $11) 6. d3 O-O 7. O-O (7. Bb3 d5 8. Nbd2 a6 9. O-O Be6 {looked more
cautious to me.}) 7... d5 {Having studied some time ago all the intricacies of
d5-pawn sac, I did not hesitate to go for it.} 8. exd5 Nxd5 9. b5 $1 (9. Re1
Bg4 10. h3 Bh5 11. g4 Bg6 12. b5 Na5 13. Nxe5 Nxc4 14. dxc4 Nb6 $132) (9. h3 $5
Nb6 10. Bb5 a5 11. Bxc6 bxc6 12. Nxe5 Qd5 13. bxa5 Rxa5 $44) 9... Na5 10. Nxe5
$2 {I have an higher opinion of} ({the obvious} 10. Bxd5 $142 Qxd5 11. c4 Qd8
12. Bd2 b6 (12... c6 $6 13. Qe1 b6 14. Bxa5 bxa5 15. Qe4 $1 $16) 13. Nxe5 Bf6
14. Bxa5 bxa5 15. d4 Bxe5 16. dxe5 Be6 17. Na3 Qe7 $44) 10... Nxc4 11. dxc4 Nb6
12. Ba3 Bxa3 13. Qxd8 Rxd8 14. Nxa3 Be6 $146 ({There is nothing wrong with
Kosteniuk's} 14... Na4 15. Rac1 f6 16. Nf3 Bg4 $15) 15. c5 (15. Rfe1 $5 {
attracted my attention during the game.} Rd2 16. Nf3 Rd3 17. Rac1 Rad8 $15)
15... Nd7 $1 (15... Rd5 16. cxb6 Rxe5 17. bxc7 Rc5 (17... Rc8 $2 18. Rfd1 Kf8
19. Rd8+ Ke7 20. Rxc8 Bxc8 21. c4 Rc5 22. f3 $14 {a pawn is a pawn after all.})
18. Nc2 Rxc7 19. Nd4 Rxc3 20. Nxe6 fxe6 $11 {and the chances are equal in this
double rook ending.}) 16. Nxd7 Rxd7 17. Rfd1 Rad8 18. Rxd7 Rxd7 19. c6 bxc6 20.
bxc6 Rd6 21. Nb5 Rxc6 22. Nxa7 {Draw offer.} Rb6 $5 ({I was not satisfied with
} 22... Rxc3 23. a4 (23. Nb5 Rc5 24. a4 Bd7 25. f3 Kf8 26. Rb1 $15) 23... Bd7
24. a5 Kf8 $15) 23. a4 c6 24. c4 $1 {An inspired piece sac which may be the
best of what White had up to his sleeve.} ({He had some interesting line with} 
24. a5 $5 Ra6 25. Nxc6 Rxc6 26. a6 Rc8 27. a7 Bd5 28. Rb1 Kf8 29. Rb8 Re8 30.
f3 $1 (30. h4 $2 Ke7 31. Kh2 Kd7 32. g4 Rc8 33. c4 $1 Bc6 34. Kg3 Kc7 35. Rxc8+
Kxc8 36. Kf4 Kb7 37. Ke5 Bf3 38. g5 Kxa7 39. Kd6 Kb6 40. Ke7 Bh5 41. Kf8 g6 $19
) 30... Ke7 31. Kf2 Kd7 32. Kg3 Rc8 33. Kf4 Ba8 34. Kf5 Kc7 35. Rxc8+ Kxc8 36.
Ke5 Kc7 37. h4 h6 38. h5 Kd7 39. c4 Kc7 40. f4 Bxg2 41. f5 $11) 24... Ra6 25.
Nb5 cxb5 26. cxb5 Ra8 {Not much differences among different squares for the
rook.} (26... Ra5 27. f3 Kf8 28. b6 Bd5 29. Rb1 Bb7 30. Rc1 Re5 31. a5 Ke8 32.
Kf2 Kd8 33. Rc7 Re7 34. Rc1 Kd7 35. h4 Kd6 36. g4 $44) 27. b6 Bc8 28. h4 Kf8
29. Rc1 Ke8 30. a5 Kd8 31. Rd1+ $4 {A terribly bad move by the young Israeli
in my time trouble.} (31. Rc7 Be6 (31... Rxa5 32. Rxf7 Rb5 33. Rxg7 h5 34. Rh7
$11) 32. Rc5 Rb8 33. Rc7 Rc8 34. Ra7 $11) 31... Ke7 32. Rc1 Kd6 33. Kh2 (33. f3
Bb7 34. Rd1+) 33... Bb7 34. Ra1 Ke5 $4 $138 {I obviously had to go the other
wing no matter what happens.} (34... Kc5 35. Rc1+ Kb5 36. Rc7 Bd5 37. f4 $3 (
37. Kg3 Be6 38. Rc1 Rc8 39. Ra1 Ka6 40. f3 Rc5 41. Kf4 Bc8 $19) (37. Rd7 Kc6
$19) 37... Bb3 38. Rc3 Be6 39. h5 Rc8 40. Re3 Kxa5 41. f5 Bc4 42. b7 Rb8 43.
Rg3 $132) 35. Kg3 Ra6 36. f3 g6 {I was taking the things a little bit too slow
but maybe there were no differences.} (36... h6 37. Kf2 g5 38. hxg5 hxg5 39.
Ke3 f5 40. g3 f4+ 41. gxf4+ gxf4+ 42. Kf2 Ra8 43. Ra4 $11) 37. Kf2 h6 38. Ke3
g5 39. hxg5 hxg5 40. g3 Ra8 41. f4+ gxf4+ 42. gxf4+ Kd5 43. Rg1 $1 {Now his
rook is about to infiltrate Black's back ranks.} Re8+ (43... f6 $2 44. Rg7 $11)
44. Kd2 Ba6 45. Rg7 Ke6 (45... Re7 46. Kc3 Kc6 47. f5 $11 {may also hold.}) 46.
Rg5 $2 {A mined square!} (46. Rg1 Rd8+ 47. Ke3 Rd5 48. Rc1 (48. Rb1 Rd3+ 49.
Kf2 Rd7 50. Ke3 $17) 48... Rxa5 49. Rc6+ Kf5 50. Rc7 $15 {and the game would
have gone into a R+B vs R ending.}) 46... Rd8+ 47. Ke3 Rd5 $19 48. Rg8 $8 Rd3+
$2 {Being tired, upset and frustrated, I sort of rejected my only chance} ({
with} 48... Rxa5 49. Ra8 f5 $1 {avoiding the R+B vs R ending.} (49... Ra3+ $2
50. Kd2 (50. Kf2 Rf3+ 51. Kg2 Bb7 $19) 50... Rd3+ (50... f5 $2 51. Ra7 Kd6 52.
Rf7 $11) 51. Kc2 Bb7 52. Re8+ Kd7 53. Rf8 Be4 54. Rxf7+ (54. b7 Rf3+ 55. Kd2
Bxb7 56. Rxf7+ Kc6 $15) 54... Ke6 55. Ra7 $15) 50. Ra7 (50. b7 Ra3+ 51. Kd2
Rd3+ 52. Kc2 Bxb7 $19) (50. Kf2 Ra2+ 51. Kg3 Rg2+ 52. Kh4 Bb7 53. Re8+ Kf7 54.
Rb8 Be4 $19) 50... Kd6 51. Rf7 Kc6 52. Rf6+ Kb7 53. Kd4 Rb5 $22 $19) 49. Kf2
Rb3 50. Ra8 $1 $11 Bb7 51. Rb8 Ba6 52. Ra8 Bb7 53. Rb8 Ba6 1/2-1/2